000 00417nam a2200169Ia 4500
008 230711s9999||||xx |||||||||||||| ||und||
041 _aENG
082 _a4
_bTO-D
100 _aTocci,Ronald
245 0 _aDigital systems : principles and applications
250 _a9th . Ed.
260 _c2007
_aNew Delhi
_bPearson
300 _a743
650 _aElectronics Engineering
700 _aWidmer,Neal S
942 _cBK
999 _c4592
_d4592